| 000 | 00653nam a2200229Ia 4500 | ||
|---|---|---|---|
| 003 | OSt | ||
| 005 | 20140325145022.0 | ||
| 008 | 140130s9999 xx 000 0 und d | ||
| 020 | _a0717257606 | ||
| 020 | _a0717257630 | ||
| 050 |
_aREF 745.5 _bSk628Vac 2003 |
||
| 100 | _aSkillicorn, Helen | ||
| 245 |
_aVacation book / _cHelen Skillicorn |
||
| 260 |
_bScholastic, _aDanbury : _c2003. |
||
| 300 |
_a1 v. (unpaged) : _bcol. ill. ; _c27 cm. |
||
| 440 |
_v1 _aCraft for Kids |
||
| 650 |
_aHandicraft _vJuvenile literature. |
||
| 650 |
_aCooking _vJuvenile literature. |
||
| 650 |
_aGames _vJuvenile literature. |
||
| 942 |
_cBK _2lcc |
||
| 999 |
_c48712 _d48712 |
||